000
00298nam a2200121Ia 4500
005
20251222155121.0
008
251222s9999||||xx |||||||||||||| ||spa||
082
_a
INV.33
100
_a
CCANO DE CANELES,Yolanda.
245
0
_a
Hacia una evaluación científica
264
_b
Grafimás
942
_c
LIB
999
_c
38444
_d
38444